MARC-Details
| 000 -Satzkennung |
| Kontrollfeld mit fester Länge |
01644cam a22004452c 4500 |
| 001 - Kontrollnummer |
| Kontrollfeld |
1743784058 |
| 003 - Kontrollnummer Identifier |
| Kontrollfeld |
DE-627 |
| 005 - Datum und Zeit der letzten Transaktion |
| Kontrollfeld |
20251016152549.0 |
| 007 - Feld mit fester Länge zur physischen Beschreibung - Allgemeine Information |
| Kontrollfeld mit fester Länge |
tu |
| 008 - Feld mit fester Länge zur physischen Beschreibung - Allgemeine Angaben |
| Kontrollfeld mit fester Länge |
210104r20192017xxu||||| 00| ||eng c |
| 020 ## - Internationale Standardbuchnummer |
| Internationale Standardbuchnummer |
9780190069513 |
| Verknüpfung |
978-0-19-006951-3 |
| 020 ## - Internationale Standardbuchnummer |
| Internationale Standardbuchnummer |
9780190253301 |
| Verknüpfung |
978-0-19-025330-1 |
| 035 ## - Systemkontrollnummer |
| System-Kontrollnummer |
(DE-627)1743784058 |
| 035 ## - Systemkontrollnummer |
| System-Kontrollnummer |
(DE-599)KXP1743784058 |
| 035 ## - Systemkontrollnummer |
| System-Kontrollnummer |
(OCoLC)1425471582 |
| 040 ## - Katalogisierungsquelle |
| Original-Katalogisierungsstelle |
DE-627 |
| Katalogisierungssprache |
ger |
| Übertragungsstelle |
DE-627 |
| 041 ## - Sprachcode |
| Sprachcode des Textes/der Tonspur oder des separaten Titels |
eng |
| 044 ## - Ländercode der veröffentlichenden/herstellenden Stelle |
| ISO-Ländercode |
XD-US |
| 100 1# - Haupteintragung - Personenname |
| Feldverknüpfung und Reihenfolge |
1\p |
| Personenname |
Toal, Gerard |
| Datumsangaben in Verbindung mit einem Namen |
1962- |
| Funktionsbezeichnung |
VerfasserIn |
| IDN des Normdatensatzes oder Standardnummer |
(DE-588)121612457 |
| -- |
(DE-627)081421923 |
| -- |
(DE-576)176325433 |
| Funktionsbezeichnungscode |
aut |
| Koha-Normdatenidentnummer |
67336 |
| 245 10 - Titel |
| Titel |
Near abroad |
| Zusatz zum Titel |
Putin, the West, and the contest over Ukraine and the Caucasus |
| Verfasserangabe etc. |
Gerard Toal |
| 263 ## - Geplantes Erscheinungsdatum |
| Geplantes Erscheinungsdatum |
201907 |
| 264 #1 - Produktion, Veröffentlichung, Distribution, Herstellung und Urheberrechtsvermerk |
| Herstellungs-, Veröffentlichungs- Vertriebs-, Erzeugungsort |
New York |
| Produzent, Herausgeber, Distributor, Hersteller |
Oxford University Press |
| Datum der Herstellung, der Veröffentlichung, des Vertriebs oder des Urheberschutzvermerks |
2019 |
| 300 ## - Physische Beschreibung |
| Umfang |
xx, 387 pages |
| Andere physische Details |
illustrations (black and white), map (black and white) |
| Maße |
24 cm |
| 336 ## - Inhaltstyp |
| Inhaltstypterm |
Text |
| Inhaltstypcode |
txt |
| Quelle |
rdacontent |
| 336 ## - Inhaltstyp |
| Inhaltstypterm |
unbewegtes Bild |
| Inhaltstypcode |
sti |
| Quelle |
rdacontent |
| 336 ## - Inhaltstyp |
| Inhaltstypterm |
kartografisches Bild |
| Inhaltstypcode |
cri |
| Quelle |
rdacontent |
| 337 ## - Medientyp |
| Bezeichnung des Medientyps |
ohne Hilfsmittel zu benutzen |
| Medientypcode |
n |
| Quelle |
rdamedia |
| 338 ## - Datenträgertyp |
| Datenträgertypbezeichnung |
Band |
| Datenträgertypcode |
nc |
| Quelle |
rdacarrier |
| 500 ## - Allgemeine Fußnote |
| Allgemeine Fußnote |
Originally published: 2017 |
| 500 ## - Allgemeine Fußnote |
| Allgemeine Fußnote |
Includes bibliographical references and index |
| 534 ## - Fußnote zur Originalversion |
| Erscheinungsvermerk des Originals |
2017 |
| 650 #0 - Nebeneintragung unter einem Schlagwort - Sachschlagwort |
| Sachschlagwort oder geografischer Name als Eintragungselement |
Geopolitics |
| Geografische Unterteilung |
Georgia (Republic) |
| Koha-Normdatenidentnummer |
67337 |
| 650 #0 - Nebeneintragung unter einem Schlagwort - Sachschlagwort |
| Sachschlagwort oder geografischer Name als Eintragungselement |
Geopolitics |
| Geografische Unterteilung |
Ukraine |
| Koha-Normdatenidentnummer |
67338 |
| 651 #0 - Nebeneintragung unter einem Schlagwort - Geografischer Name |
| Geografischer Name |
Russia (Federation) |
| Allgemeine Unterteilung |
Foreign relations |
| 651 #0 - Nebeneintragung unter einem Schlagwort - Geografischer Name |
| Geografischer Name |
Russia (Federation) |
| Allgemeine Unterteilung |
Politics and government |
| Koha-Normdatenidentnummer |
52742 |
| 883 ## - Maschinell generierte Metadatenprovenienz |
| Feldverknüpfung und Reihenfolge |
1\p |
| Generierungsprozess |
cgwrk |
| Erstellungsdatum der Kopie |
20241001 |
| Einrichtung, welche die Kopien erstellt hat |
DE-101 |
| URL |
https://d-nb.info/provenance/plan#cgwrk |
| 942 ## - Zusätzliche Felder (Koha) |
| Klassifikation oder Aufstellungssystematik |
Andere/Generische Klassifikation |
| Koha-Medientyp |
Monographien |